000 00703nam a2200181Ia 4500
008 090124s9999 xx 000 0 und d
082 _b34704
100 _aकोरान्ने दिनकर गोविंद
245 _a भाडेकरूंचे 100 प्रश्न
250 _a2
260 _bमॅजेस्टिक प्रकाशन
_c1997
300 _a67
600 _aकोरान्ने दिनकर गोविंद
630 _a भाडेकरूंचे 100 प्रश्न
700 _aकोरान्ने दिनकर गोविंद
730 _a भाडेकरूंचे 100 प्रश्न
942 _cBOOK
999 _c100636
_d100636